|
|
|
|
| LEADER |
00000nam0a2200000 4500 |
| 001 |
23515 |
| 005 |
20231101205544.0 |
| 010 |
|
|
|a 5280028568
|
| 035 |
|
|
|a (RuTPU)RU\TPU\book\23735
|
| 035 |
|
|
|a BOOK00023808
|
| 090 |
|
|
|a 23515
|
| 100 |
|
|
|a 20011209e1992 m y0rusy50 ca
|
| 101 |
0 |
|
|a fre
|a rus
|
| 102 |
|
|
|a RU
|
| 105 |
|
|
|a a j 000zy
|
| 200 |
1 |
|
|a Курс французского языка
|h Кн. 4
|e В 4 кн.
|f Г. Може
|
| 205 |
|
|
|a Репринтное воспроизведение.
|
| 210 |
|
|
|a Москва
|c Художественная литература
|d 1992
|
| 215 |
|
|
|a 519 с.
|c ил.
|
| 606 |
1 |
|
|a Французский язык
|x Учебные руководства и пособия для вузов
|2 stltpush
|3 (RuTPU)RU\TPU\subj\16836
|9 42736
|
| 610 |
1 |
|
|a грамматика
|
| 610 |
1 |
|
|a лексика
|
| 610 |
1 |
|
|a учебные пособия
|
| 686 |
|
|
|a Ш147.11-923
|v LBC/SL-A
|2 rubbk
|
| 700 |
|
1 |
|a Може
|b Г.
|g Гастон
|
| 801 |
|
0 |
|a RU
|b 63413507
|c 20011209
|g PSBO
|
| 801 |
|
2 |
|a RU
|b 63413507
|c 20161102
|g PSBO
|
| 942 |
|
|
|c BK
|